000
00304 a2200157 4500
001
50442
020
_a
8574881570
040
_c
Anchieta - Bela Vista
240
1
0
_a
Mogli
_l
por
245
1
0
_a
Mogli
300
_a
16
362
0
_a
0
440
1
_a
Girassol
650
4
_a
Literatura infantil
942
_c
BK
999
_c
50442
_d
50442